000 00450nam a2200205Ia 4500
001 14491
003 GE_BSU
008 181216s||||||||xx |||||||||||||| ||und||
020 _a100330447084
040 _cGE_BSU
080 _a821.111-3
100 _aHerriot, James
245 _aIf only they could Talk
260 _aLondon
260 _bPan books
260 _c1970
300 _a205p.21cm.
653 _aIf only they could Talk
942 _cBK
999 _c47622
_d47622